000 00711nam a22002177a 4500
005 20170124110109.0
010 _aA-709009
020 _c00.00
035 _aA-709009
037 _bCen Lib/Ret
040 _aDPL
_bEN
082 _aN
_bGRA
100 _aGrassi, Maggi Lidchi
_928787
245 _aGreat sir and the heaven lady :
_cby Maggi Lidchi Grassi
_ba true story of the experience of an American infantry man spiritually guided through world war ii /
260 _aCalcutta
_bWriters workshop books
_c1993
270 _bCalcutta
_a162/92 Lake gardens
300 _a227p.:
_c21cm(Hb)
_bill.
650 _aEnglish literature
_928788
650 _aEnglish novel
_914422
942 _2ddc
_cEN
_hN
_mGRA
999 _c130276
_d130276